[Event "6th GRENKE Chess Classic 2019"]
[Site "Karlsruhe/Baden-Baden"]
[Date "2019.04.26"]
[Round "6.4"]
[White "Aronian, Levon"]
[Black "Keymer, Vincent"]
[Result "1/2-1/2"]
[WhiteElo "2763"]
[BlackElo "2516"]
[Annotator "TA"]
[PlyCount "104"]
[EventDate "2019.03.30"]
[EventType "tourn"]
[EventCountry "GER"]
[SourceTitle "playchess.com"]
[Source "ChessBase"]
[SourceQuality "1"]

{[%evp 23,104,15,7,0,0,0,10,4,12,12,8,25,32,18,22,1,17,0,0,0,19,0,0,0,0,0,0,0,0,0,0,0,0,0,0,0,0,-8,-8,-14,-8,-21,-22,-31,-13,-20,-40,-59,0,0,0,0,0,0,0,0,0,0,0,0,0,0,0,0,0,0,0,0,0,0,0,0,0,0,0,0,0,0,0,0,0,0,0]} 1. e4 c5 2. Nc3 a6 3. Nge2 d6 4. g3 Nf6 5. Bg2 Nc6 6. O-O e6 7. d4 cxd4 8. Nxd4 Bd7 9. Re1 Be7 10. Nxc6 Bxc6 11. e5 dxe5 12. Bxc6+ bxc6 13. Rxe5 {B80: Sicilian Scheveningen: 6 g3 and 6 Be3, including English Attack} O-O {[#]} 14. Qxd8 $146 ({Predecessor:} 14. Bd2 Qb6 15. Rb1 Rfd8 16. Qe2 Ng4 17. Be3 Nxe3 18. Rxe3 Rd4 19. Rd3 Rxd3 20. Qxd3 Rd8 21. Qe2 h6 22. Ne4 Qd4 23. Nc3 Qb6 24. Ne4 Qd4 25. Nc3 Qb6 {½-½ (25) Macieja,B (2613)-Guliyev,N (2526) Warsaw 2005}) 14... Rfxd8 15. Re2 c5 16. Na4 Rd1+ 17. Kg2 Rad8 18. b3 Nd5 {[#] Strongly threatening ...Bf6.} 19. c3 Rc8 20. Re4 Nf6 21. Re2 Nd5 22. Rd2 (22. c4 {is interesting.} Nb4 23. Bb2 Rdd8 24. f4 g6 25. Be5) 22... Rxd2 23. Bxd2 c4 24. Nb2 Bf6 25. Nxc4 Bxc3 26. Rd1 Bxd2 27. Rxd2 $11 {[%mdl 4096] Endgame KRN-KRN} g5 28. Kf3 Kg7 29. Ne3 Rc3 30. Rc2 (30. Ke4 {seems wilder.} Nxe3 31. fxe3 Rc5 32. Kd4 Rd5+ 33. Kc3) 30... f5 31. Rxc3 Nxc3 {KN-KN} 32. a4 {[%cal Ba2a4,Ba4a5,Ba5a6,Ba6a7][%mdl 32]} g4+ 33. Kg2 $1 Kf6 34. Nc2 Ne4 35. b4 Nc3 (35... Ke5 $1 $15) 36. b5 {The position is equal.} axb5 37. a5 Nd5 38. a6 Nc7 39. a7 Ke5 40. Kf1 $1 Kd5 {[#] White must now prevent ...Kc5.} 41. Nb4+ $1 Kc4 42. Nc6 Kd3 43. Ke1 Na8 44. Nd8 e5 {Threatens to win with ...b4.} 45. Nc6 Ke4 46. Kd2 Kd5 47. Nb4+ Kc4 48. Nc6 Kd5 49. Nb4+ Ke4 50. Nc6 f4 51. Kc3 Kd5 52. Nb4+ Ke4 {Accuracy: White = 75%, Black = 82%.} 1/2-1/2

[Event "6th GRENKE Chess Classic 2019"]
[Site "Karlsruhe/Baden-Baden"]
[Date "2019.04.26"]
[Round "6.5"]
[White "Svidler, Peter"]
[Black "Vachier-Lagrave, Maxime"]
[Result "1/2-1/2"]
[WhiteElo "2735"]
[BlackElo "2773"]
[Annotator "TA"]
[PlyCount "69"]
[EventDate "2019.03.30"]
[EventType "tourn"]
[EventCountry "GER"]
[SourceTitle "playchess.com"]
[Source "ChessBase"]
[SourceQuality "1"]

{[%evp 9,69,11,45,27,23,22,13,9,17,26,26,0,11,0,0,0,0,0,0,0,0,0,0,-41,-26,-56,-31,-75,0,0,14,0,0,0,0,0,3,0,0,0,13,14,10,10,16,8,11,0,0,0,0,0,0,0,11,0,0,0,7,0,0,0]} 1. Nf3 c5 2. c4 Nf6 3. Nc3 d5 4. cxd5 Nxd5 5. e3 Nxc3 6. dxc3 {A34: Symmetrical English: 2 Nc3, lines with ...d5} (6. bxc3 {feels hotter.} Nc6 7. d4 e6 8. Bd3 b6 9. O-O) 6... Qc7 7. e4 e6 8. Be3 Bd7 $146 ({Predecessor:} 8... Nd7 9. Nd2 Be7 10. Qg4 O-O 11. Qg3 Bd6 12. f4 f5 13. e5 {1-0 (40) Matlakov,M (2683)-Lagarde,M (2615) Bastia 2018}) 9. Nd2 Bc6 10. Qg4 Nd7 11. Qg3 O-O-O 12. Bf4 e5 13. Bg5 f6 14. Be3 g6 15. Qh3 Kb8 16. Be2 Nb6 17. b3 h5 18. O-O {[#]} Bh6 (18... Be7 $1 $17 19. a4 Bd7) 19. Bxh6 $11 {The position is equal.} Rxh6 20. Qe3 Rh7 21. Rfd1 Rhd7 22. Nf1 Rxd1 23. Rxd1 Rxd1 24. Bxd1 Nc8 25. f3 Qd6 26. Be2 Ne7 27. Qh6 f5 $1 28. Ne3 {aiming for exf5.} fxe4 29. Nc4 Qf6 {[%cal Re4f3]} 30. fxe4 Kc7 31. g3 Ng8 32. Qh7+ Ne7 33. Qh6 Ng8 34. Qh7+ Ne7 35. Qh6 {Accuracy: White = 61%, Black = 70%.} 1/2-1/2

[Event "6th GRENKE Chess Classic 2019"]
[Site "Karlsruhe/Baden-Baden"]
[Date "2019.04.27"]
[Round "7.1"]
[White "Vachier-Lagrave, Maxime"]
[Black "Vallejo Pons, Francisco"]
[Result "1-0"]
[WhiteElo "2775"]
[BlackElo "2698"]
[Annotator "TA"]
[PlyCount "133"]
[EventDate "2019.03.30"]
[EventType "tourn"]
[EventCountry "GER"]

{[%evp 9,133,18,20,13,13,8,11,4,4,18,42,11,9,16,18,13,33,14,12,0,20,0,0,0,0,-5,0,-5,-8,-9,1,-20,-14,-27,-18,-33,-33,-38,-38,-55,-51,-49,-56,-60,-59,-62,-45,-44,0,-14,0,0,0,0,0,0,0,0,0,0,0,0,0,-78,1053,1045,29978,29979,29977,29978,29982,6609,6643,393,371,345,313,313,313,287,247,0,516,580,583,588,580,544,369,474,6458,6343,6458,355,6458,362,690,0,335,0,6458,6339,6458,6451,6429,6404,6367,6318,6262,6172,6172,6172,5716,5454,5206,5177,6643,5137,5137,5127,5088,5057,4648,4553,2602,2602]} 1. e4 c5 2. Nf3 d6 3. d4 cxd4 4. Qxd4 Nc6 5. Bb5 a6 6. Bxc6+ {B53: Sicilian: 2...d6: Lines with Qxd4} bxc6 7. O-O e5 8. Qa4 {The position is equal.} (8. Qd3 Be7 9. c4 Qc7 10. Rd1 Nf6 11. Nc3 O-O 12. h3 Rb8 13. b3 Nd7 14. Ba3 Nc5 15. Bxc5 dxc5 16. Qe3 {1-0 (26) Wang,H (2711)-Idani,P (2599) Kuala Lumpur 2018}) 8... Qc7 9. c4 Ne7 10. c5 dxc5 11. Be3 Ng6 12. Nbd2 Be7 13. Qc2 O-O 14. Bxc5 {[#]} Be6 $146 15. Be3 a5 16. Rfc1 Rfb8 17. Nb3 (17. g3 {is interesting.} a4 18. b3 Ra6 19. Ng5 Bc8 20. Ngf3) 17... Rb5 18. Nc5 Bxc5 19. Bxc5 a4 20. Be3 h6 21. Ne1 Nf4 22. g3 Nh3+ 23. Kg2 $1 Ng5 24. f3 Bh3+ 25. Kf2 Rab8 26. Nd3 f5 27. Bxg5 (27. Qxa4 $2 fxe4 28. Ne1 Rxb2+ 29. Rc2 exf3 $19) 27... hxg5 28. Kg1 $1 Kh8 29. b4 ({Avoid the trap} 29. Qxa4 $2 Qb6+ 30. Kh1 Qe3 $1 $19 {[%mdl 512]}) 29... axb3 30. axb3 Rxb3 31. Nf2 $1 {[%cal Rf2h3]} g4 32. fxg4 fxg4 33. Qxc6 Qf7 34. Nxh3 gxh3 35. Rf1 Rf3 {( -> ...Rxf1+)} 36. Qc2 {[#]} (36. Qa6 $11) 36... Rbb3 $2 {[%mdl 8192]} (36... Qd7 $1 $17 {[%mdl 512]} 37. Rfd1 Qe6) 37. Qc8+ $18 {[%mdl 64] Double Attack} Kh7 38. Qxh3+ Kg6 39. Ra6+ Rf6 40. Qf5+ (40. Qg4+ $142 Kh7 41. Qh4+ {[%mdl 64] Double Attack} Kg8 42. Ra8+ Qf8 43. Rxf8+ Rxf8 44. Rxf8+ Kxf8 45. Qd8+ Kf7 46. Qd5+ $1 {[%mdl 576] Double Attack} Kg6 47. Qxb3) 40... Kh6 41. Qxf6+ $2 (41. Qxe5 Rb1 42. Qf4+ Kh7 43. Qh4+ Kg6 44. Raxf6+ gxf6 45. Qg4+ Kh6 46. Rxb1) 41... Qxf6 42. Raxf6+ (42. Rfxf6+ gxf6 43. Rxf6+ Kg5 $18) 42... gxf6 43. Rxf6+ {[%mdl 4096] Endgame KR-KR} Kg5 44. Rf5+ Kg4 45. Rf1 $2 (45. Rxe5 $18 {Black must now prevent Rf5.} Rb1+ 46. Kf2) 45... Rb2 $2 {[%mdl 8192] [#]} (45... Kh3 $1 $11 {and Black stays safe.}) 46. Rf2 $1 Rb4 47. Kg2 Rxe4 48. h3+ Kg5 49. g4 Re1 (49... Kg6 $142 50. Kg3 Re3+ 51. Kg2 e4) 50. Rf5+ Kg6 51. Kf2 $2 (51. h4 Kg7 52. h5) 51... Rb1 $2 (51... Rh1 52. Kg2 (52. Rxe5 Rxh3 53. Kg2 Rc3 $11) 52... Rb1) 52. Kg3 $2 (52. Rxe5 Rb2+ 53. Kf3) 52... Rg1+ $2 {[#]} (52... Re1 53. Kf2 Re4) 53. Kf2 $2 ({Only move:} 53. Kh2 $1 $18 Re1 54. h4) 53... Rh1 $2 {[%mdl 8192]} (53... Rb1 $1 $11 {and Black has nothing to worry.}) 54. Kg2 $2 ({Stronger than} 54. Rxe5 Rxh3 55. Rc5 Kf6 $11) (54. Rf3) 54... Re1 $1 55. h4 {White is clearly winning.} e4 56. Kf2 Rh1 57. Kg3 Re1 58. h5+ Kg7 59. Kf2 Ra1 60. Ke3 Re1+ 61. Kf4 e3 62. Re5 e2 63. Kf3 Kf6 64. Rxe2 Ra1 65. Kf4 Rf1+ 66. Kg3 {White wants to mate with Rf2+.} Rg1+ 67. Rg2 {Accuracy: White = 57%, Black = 44%.} 1-0

[Event "6th GRENKE Chess Classic 2019"]
[Site "Karlsruhe/Baden-Baden"]
[Date "2019.04.27"]
[Round "7.2"]
[White "Keymer, Vincent"]
[Black "Svidler, Peter"]
[Result "1/2-1/2"]
[WhiteElo "2516"]
[BlackElo "2735"]
[Annotator "TA"]
[PlyCount "83"]
[EventDate "2019.03.30"]
[EventType "tourn"]
[EventCountry "GER"]
[SourceTitle "playchess.com"]
[Source "ChessBase"]
[SourceQuality "1"]

{[%evp 15,83,-1,0,-1,-2,4,22,10,11,25,25,25,16,12,13,0,34,35,37,32,45,48,58,65,50,10,45,20,20,25,41,35,54,0,0,0,0,0,0,0,0,-7,-7,-7,0,-31,-14,-10,-10,-57,-57,-57,-57,-52,-27,-55,0,0,0,0,0,0,0,0,0,0,0,0,0,0]} 1. d4 Nf6 2. c4 e6 3. Nf3 b6 4. g3 Bb4+ 5. Nbd2 Bb7 6. Bg2 O-O 7. O-O d5 8. Ne5 Qc8 9. cxd5 {E16: Queen's Indian: 4 g3 Bb7 5 Bg2 Bb4+} Bxd5 10. f3 Rd8 11. Ne4 Nbd7 12. Nxf6+ Nxf6 13. e4 Bb7 14. Be3 {[#]} Nd7 $146 ({Predecessor:} 14... c5 15. Rc1 Ba6 16. a3 Bxf1 17. Bxf1 {1-0 (49) Bogner,S (2588)-Kuljasevic,D (2534) Le Castella 2018}) 15. Qb3 {[#] Nxd7 is the strong threat.} Be7 16. Nxd7 Qxd7 17. Rac1 c5 18. dxc5 Bxc5 19. Bxc5 bxc5 20. Rfd1 Qc7 21. Qb5 a6 22. Qb3 h6 23. Bf1 a5 24. a3 (24. Rxd8+ $14 Rxd8 25. Qb5) 24... Rxd1 25. Rxd1 Ba6 26. Bxa6 Rxa6 $11 {[%mdl 4096] Endgame KQR-KQR} 27. Qb5 Rc6 28. Rd2 c4 29. Kg2 Kh7 30. Rc2 Rc5 31. Qe8 Qb7 {White must now prevent ...Rb5.} 32. Rd2 c3 33. bxc3 Rxc3 34. a4 Rc8 35. Qb5 Qxb5 (35... Qc7 $15) 36. axb5 $15 {KR-KR. The position is equal.} Rb8 37. Rb2 g5 38. b6 Kg7 39. h4 gxh4 40. gxh4 a4 41. Ra2 Rxb6 {And now ...Rb4 would win.} 42. Rxa4 {Accuracy: White = 71%, Black = 49%.} 1/2-1/2

[Event "6th GRENKE Chess Classic 2019"]
[Site "Karlsruhe/Baden-Baden"]
[Date "2019.04.27"]
[Round "7.3"]
[White "Carlsen, Magnus"]
[Black "Aronian, Levon"]
[Result "1-0"]
[WhiteElo "2845"]
[BlackElo "2763"]
[Annotator "TA"]
[PlyCount "75"]
[EventDate "2019.03.30"]
[EventType "tourn"]
[EventCountry "GER"]
[SourceTitle "playchess.com"]
[Source "ChessBase"]
[SourceQuality "1"]

{[%evp 16,75,7,0,17,0,12,0,8,-10,0,0,15,4,2,0,0,0,0,0,0,3,25,8,18,8,24,6,31,18,18,13,26,25,34,30,30,33,106,56,154,158,157,156,147,156,152,154,154,145,191,197,216,218,222,213,529,379,376,373,396,392]} 1. d4 Nf6 2. c4 e6 3. Nf3 d5 4. Nc3 dxc4 5. e4 Bb4 6. Bg5 c5 7. Bxc4 cxd4 8. Nxd4 Bxc3+ 9. bxc3 {And now Bb5+ would win.} Qa5 $1 {[%cal Ra5c3] D39: Queen's Gambit Declined: Ragozin Defence with 5 Bg5 dxc4} 10. Bd2 $146 ({Predecessor:} 10. Bb5+ Nbd7 11. Bxf6 Qxc3+ 12. Kf1 gxf6 13. h4 Qb4 14. Rh3 a6 15. Be2 Ne5 16. Rb1 Qd6 17. Rc3 O-O 18. Qd2 Ng6 19. h5 Nf4 20. Qe3 e5 21. Nc2 {½-½ (33) Grischuk,A (2766)-Karjakin,S (2773) Saint Louis 2018}) 10... O-O 11. Qe2 e5 {The position is equal.} 12. Nb3 Qc7 13. O-O Bg4 14. f3 Rc8 15. Bd5 Nxd5 16. exd5 Bh5 17. c4 Nd7 18. Rfc1 b6 19. a4 a5 20. Qf2 Qd6 21. Be3 Bg6 22. Qd2 f6 23. Qb2 Rc7 24. Nd2 Nc5 25. Qa3 Rd8 26. Rc3 f5 (26... Rb7 $14) 27. Re1 e4 ({Better is} 27... Na6 $14) 28. fxe4 $16 fxe4 29. Bxc5 $1 Rxc5 30. Nxe4 Qe5 31. Rce3 Rcc8 {[#]} 32. h3 $1 Qc7 33. Nd2 Re8 {[#]} 34. Re7 $1 {[%cal Re7c7]} Rxe7 35. Rxe7 ({Resist} 35. Qxe7 $6 Qxe7 36. Rxe7 Bd3 $16) 35... Qd8 $2 (35... Qf4) 36. Qe3 Rc7 37. Re6 Rc5 38. Qb3 {Accuracy: White = 79%, Black = 42%.} 1-0

[Event "6th GRENKE Chess Classic 2019"]
[Site "Karlsruhe/Baden-Baden"]
[Date "2019.04.27"]
[Round "7.4"]
[White "Anand, Viswanathan"]
[Black "Meier, Georg"]
[Result "0-1"]
[WhiteElo "2774"]
[BlackElo "2628"]
[Annotator "TA"]
[PlyCount "72"]
[EventDate "2019.03.30"]
[EventType "tourn"]
[EventCountry "GER"]
[SourceTitle "playchess.com"]
[Source "ChessBase"]
[SourceQuality "1"]

{[%evp 12,72,38,26,36,25,35,24,29,26,48,49,60,47,55,26,33,23,23,22,35,33,42,42,31,22,48,33,36,0,0,-10,-10,-10,-10,-55,-49,-60,-58,-60,0,0,0,0,0,-20,0,-119,-109,-118,-119,-106,-105,-115,-115,-114,-114,-90,-97,-130,-136,-707,-682]} 1. e4 e6 2. d4 d5 3. Nc3 dxe4 4. Nxe4 Nd7 5. Nf3 Ngf6 6. Nxf6+ Nxf6 7. Be3 Bd6 {C10: French with 3 Nc3: Unusual Black 3rd moves and 3...dxe4} 8. Bd3 O-O 9. Qe2 b6 {White has an edge.} 10. O-O-O Bb7 11. Kb1 (11. c4 c5 12. dxc5 bxc5 13. Ng5 h6 14. Nh7 Nxh7 15. Bxh7+ Kxh7 {½-½ (56) Anand,V (2780)-Meier,G (2640) Baden-Baden 2013}) 11... c5 12. Bg5 h6 13. Bh4 Rc8 {[#]} 14. Rhe1 $146 ({Predecessor:} 14. c3 Be7 15. Bg3 cxd4 16. Nxd4 {1-0 (35) Caruana,F (2817)-Meier,G (2621) Karlsruhe/Baden-Baden 2017}) 14... Bxf3 15. Qxf3 c4 16. Be4 g5 17. Bg3 Bxg3 18. fxg3 Kg7 19. c3 b5 20. g4 Qd6 21. Rf1 Nxe4 22. Qxe4 Qxh2 23. d5 Qd6 $1 24. Qd4+ e5 25. Qxa7 Rc5 ({Black should try} 25... b4 $15 26. Qe3 bxc3 27. Qxc3 Rc5) 26. Qb7 $11 e4 {White must now prevent ...e3.} 27. Rf5 e3 {...Rc7 is the strong threat.} 28. Kc1 b4 {Strongly threatening ...bxc3.} 29. Qxb4 (29. Rdf1 $11 {was the only way to keep the balance.} Rc7 30. Qxb4) 29... Rb8 $17 30. Qa4 {Black should prevent Qa7!} Rcb5 31. Qa7 {[%mdl 64] Double Attack} ({Don't blunder} 31. Qxc4 $2 Rxb2 32. Qd4+ Kg8 $1 $19 {[%mdl 512]}) 31... R8b7 32. Qxe3 {Hoping for Rd2.} Rxb2 $40 {[%mdl 192] ( -> ...Qa3!). Double Attack. Black has strong attack.} 33. Qe5+ Qxe5 34. Rxe5 Rxg2 35. Rd4 {[#]} Rg1+ $1 36. Kc2 $2 {[%mdl 8192] [#]} (36. Rd1 $17 Rxg4 37. d6) 36... Rgb1 $1 {Accuracy: White = 65%, Black = 76%.} 0-1

[Event "6th GRENKE Chess Classic 2019"]
[Site "Karlsruhe/Baden-Baden"]
[Date "2019.04.27"]
[Round "7.5"]
[White "Caruana, Fabiano"]
[Black "Naiditsch, Arkadij"]
[Result "1-0"]
[WhiteElo "2819"]
[BlackElo "2695"]
[Annotator "TA"]
[PlyCount "65"]
[EventDate "2019.03.30"]
[EventType "tourn"]
[EventCountry "GER"]
[SourceTitle "playchess.com"]
[Source "ChessBase"]
[SourceQuality "1"]

{[%evp 12,65,14,0,0,-10,-11,-36,-38,-31,0,0,10,10,10,5,10,9,19,26,12,9,35,0,53,63,103,89,166,176,159,167,163,162,161,152,307,314,304,302,323,298,312,311,297,307,287,288,317,317,319,315,426,436,469,452]} 1. d4 Nf6 2. c4 e6 3. g3 d5 4. Bg2 Bb4+ 5. Nd2 O-O 6. Ngf3 dxc4 7. O-O b5 {E04: Open Catalan: 5 Nf3} 8. a4 c6 9. b3 (9. Ne1 Nd5 10. e4 Nb6 11. a5 N6d7 12. e5 Bb7 13. Ne4 Na6 14. Bg5 {½-½ (44) Wang,H (2709)-Ding,L (2777) Huaian 2017}) 9... c3 {Black is slightly better.} 10. Nb1 $1 Bb7 11. Qc2 c5 {[#] aiming for ...Be4.} 12. Nxc3 cxd4 13. Nxb5 Nc6 $146 ({Predecessor:} 13... Be4 14. Qc4 Nc6 15. Nfxd4 Nxd4 16. Bxe4 Nxe4 17. Nxd4 {1-0 (24) Pichot,A (2584)-Raghunandan,K (2352) Sharjah 2019}) 14. Qc4 {[%cal Rf3d4]} Qe7 15. Nbxd4 Na5 16. Qb5 Rfd8 17. Bf4 Bc3 (17... Nxb3 $11 18. Nxb3 Rd5) 18. Rac1 $1 $14 {[%cal Rc1c3]} a6 19. Qe5 Bxf3 (19... Bb4 $16) 20. Bxf3 $18 ({Don't take} 20. Rxc3 $6 Bxg2 21. Kxg2 Qb7+ 22. Rf3 Rd5 $11) 20... Bxd4 21. Qxa5 {e3 is the strong threat.} Nd5 22. Bc7 $36 {[%mdl 2048] White is really pushing.} Rd7 23. e3 Qf6 $2 {[#]} (23... Bb2 $16) 24. Bxd5 $1 Rxd5 25. Qb4 {Strongly threatening Qb7.} Bb2 26. Rc2 h5 27. Qb7 Rf8 28. Qxa6 h4 29. Qc4 h3 {( -> ...Qf3)} 30. Qg4 Rd3 31. b4 {[%cal Bb3b4,Bb4b5][%mdl 32]} Rb3 {Black hopes to continue with ...Rxb4.} 32. Qxh3 Ra8 33. b5 {Accuracy: White = 91%, Black = 33%.} 1-0

[Event "6th GRENKE Chess Classic 2019"]
[Site "Karlsruhe/Baden-Baden"]
[Date "2019.04.28"]
[Round "8.1"]
[White "Vallejo Pons, Francisco"]
[Black "Naiditsch, Arkadij"]
[Result "1/2-1/2"]
[WhiteElo "2693"]
[BlackElo "2695"]
[Annotator "TA"]
[PlyCount "173"]
[EventDate "2019.03.30"]
[EventType "tourn"]
[EventCountry "GER"]
[SourceTitle "playchess.com"]
[Source "ChessBase"]
[SourceQuality "1"]

{[%evp 9,173,28,19,18,26,23,24,13,20,12,41,38,35,13,32,25,25,23,30,27,23,11,10,15,17,5,33,-14,-14,-14,-14,-12,-14,-14,-25,-20,-32,-25,-14,-18,0,0,0,0,0,-6,-14,-8,-2,-15,-15,-15,-15,-24,-21,-14,-19,-32,-10,-8,-12,-29,0,0,58,60,127,118,134,133,139,67,71,52,83,83,83,83,83,83,137,126,127,91,142,145,142,135,142,138,144,145,153,124,131,120,135,112,131,130,120,93,112,108,123,105,115,112,158,159,179,179,165,156,188,182,191,171,164,156,142,109,128,73,106,0,108,0,160,73,73,73,73,32,29,35,36,22,73,16,24,0,73,8,18,8,73,73,73,73,73,72,71,8,8,8,8,8,8,0,8,8,8,8,8,8]} 1. d4 Nf6 2. c4 e6 3. Nf3 d5 4. Bg5 Nbd7 5. e3 h6 6. Bf4 {D30: Queen's Gambit Declined: Systems without Nc3} (6. Bh4 Be7 7. Qc2 O-O 8. cxd5 Nxd5 9. Bxe7 Qxe7 10. Bc4 N5f6 11. Nc3 c5 12. O-O cxd4 13. Nxd4 {½-½ (28) Mamedyarov,S (2817)-Karjakin,S (2753) Kolkata 2018}) 6... dxc4 $146 ({Predecessor:} 6... Bb4+ 7. Nbd2 c5 8. dxc5 O-O 9. cxd5 exd5 10. Be2 Nxc5 11. O-O Bg4 12. h3 {½-½ (52) Demidov,M (2520)-Kevlishvili,R (2451) Skopje 2018}) 7. Bxc4 Bd6 8. Bxd6 {White has an edge.} cxd6 9. Nc3 d5 10. Bd3 b6 11. Ne5 Bb7 12. f4 O-O 13. O-O Ne4 14. Bxe4 dxe4 15. Qa4 Nf6 16. f5 Qe7 17. h3 a5 18. Ng4 Nxg4 19. hxg4 Qg5 20. Rf4 exf5 21. Qd7 Bc8 22. Qc6 Rb8 23. gxf5 Bxf5 24. Nxe4 Qg6 25. Qxg6 Bxg6 26. Nd6 Rfd8 27. Nb5 Rbc8 28. Rd1 f6 29. a3 Rc2 30. Rf2 Rc4 31. Rfd2 Be8 32. Nc3 $1 b5 33. Kf2 f5 34. d5 Kf7 35. Rd4 Rdc8 36. e4 Kf6 (36... b4 $11 37. axb4 Rxb4) 37. Rxc4 $14 bxc4 {[%mdl 4096] Endgame KRB-KRN} (37... Rxc4 $14 38. d6 b4 39. Nd5+ Ke5) 38. Ke3 $1 $16 Ke5 39. exf5 $1 Rb8 40. Rd2 ({White should try} 40. g4 $16) 40... h5 $1 $14 41. g3 Bd7 42. d6 $1 Kxf5 43. Rd5+ $1 Ke6 44. Kd4 Bc6 (44... Rb3 $142) 45. Rxh5 $16 Rxb2 46. Rxa5 ({Don't play} 46. Kxc4 $6 a4 $11) 46... Kxd6 (46... Rd2+ $142 47. Kxc4 Rxd6) 47. Rg5 Bg2 48. Rg6+ Ke7 49. Rxg7+ Kf6 50. Rg4 Bh3 51. Rf4+ Ke7 52. Kxc4 Be6+ 53. Kd3 Rg2 54. Ne2 Rh2 55. Ke3 Rh1 56. Ra4 Re1 57. Kf2 Ra1 58. Ra5 Kf6 59. Nc3 Bf5 60. Nd5+ Kf7 61. Ke3 Bc2 62. g4 Ke6 63. Nf4+ Kd6 64. Ne2 Rd1 65. g5 Rd3+ 66. Kf2 ({White should play} 66. Kf4 {g6 is the strong threat.} Bd1 67. Nc1) 66... Rd2 67. Ke3 Rd3+ 68. Kf2 (68. Kf4 $142 {And now g6 would win.} Bd1 69. Nc1) 68... Rd2 $1 {[#]} 69. g6 ({Better is} 69. Rb5 $1) 69... Ke7 70. Ra7+ Kf8 71. Ke3 Rd3+ 72. Kf4 Bd1 73. Ng1 Rd6 (73... Rb3 $11) 74. Kg5 (74. g7+ $16 Kg8 75. Nh3) 74... Rd5+ $11 75. Kf4 {Black must now prevent Nf3.} Rd6 76. Rf7+ (76. g7+ $16 Kg8 77. Nh3) 76... Kg8 77. Kg5 Ra6 (77... Rd5+ $11 {keeps the balance.} 78. Kf6 Bg4) 78. Kh6 $16 {Strongly threatening Rd7.} Bc2 79. Rg7+ Kf8 80. Nf3 {Hoping for Ne5.} Rxa3 {[#]} 81. Ng5 (81. Rf7+ $1 $16 Ke8 82. Nh4 Bxg6 83. Kxg6) 81... Ra6 $1 $11 {The position is equal.} 82. Nh7+ Ke8 83. Rg8+ Ke7 84. Rg7+ Ke8 85. Kg5 {aiming for Nf6+.} Rxg6+ 86. Rxg6 Bxg6 87. Kxg6 {Accuracy: White = 57%, Black = 65%.} 1/2-1/2

[Event "6th GRENKE Chess Classic 2019"]
[Site "Karlsruhe/Baden-Baden"]
[Date "2019.04.28"]
[Round "8.2"]
[White "Meier, Georg"]
[Black "Caruana, Fabiano"]
[Result "0-1"]
[WhiteElo "2628"]
[BlackElo "2819"]
[Annotator "TA"]
[PlyCount "102"]
[EventDate "2019.03.30"]
[EventType "tourn"]
[EventCountry "GER"]
[SourceTitle "playchess.com"]
[Source "ChessBase"]
[SourceQuality "1"]

{[%evp 16,102,17,14,10,15,31,1,55,42,45,41,38,18,39,40,41,38,32,0,0,0,0,0,0,-25,-27,-23,-14,-28,-32,-45,0,-43,-24,-59,81,-63,19,-66,-58,-71,-73,-65,-39,-113,-70,-80,-35,-47,-81,-81,-63,-110,-94,-107,-97,-118,-102,-201,-200,-184,-43,-253,-258,-416,-404,-408,-408,-396,-241,-333,-269,-549,-394,-797,-780,-774,-791,-775,-676,-1900,-1900,-1778,-1765,-1609,-1505,-1412,-1157]} 1. e4 c5 2. Nf3 Nc6 3. Bb5 g6 4. Bxc6 dxc6 5. d3 Bg7 6. h3 Nf6 7. Nc3 Nd7 8. Be3 e5 9. Qd2 h6 {B31: Sicilian: 2...Nc6 3 Bb5 g6} 10. a3 (10. O-O b6 11. a3 Nf8 12. b4 Ne6 13. bxc5 f5 14. exf5 gxf5 15. Qe1 O-O 16. Rb1 e4 17. dxe4 {0-1 (36) Wang,H (2730)-Carlsen,M (2835) St Petersburg 2018}) 10... b6 11. b4 $146 ({Predecessor:} 11. Ne2 f5 12. Qc3 Qe7 13. b4 O-O 14. bxc5 bxc5 15. Nc1 f4 16. Bd2 Rb8 17. Nb3 {0-1 (30) Boudriga,M (2369)-Nihal,S (2578) Sharjah 2019}) 11... Nf8 (11... f5 $11 12. Qc1 Bb7) 12. bxc5 Ne6 13. cxb6 axb6 14. Qc1 f5 15. a4 f4 16. Bd2 O-O 17. Qb2 Nd4 18. Ne2 {Nfxd4 is the strong threat.} Nxf3+ 19. gxf3 Be6 20. Rb1 Ra6 21. Bc3 Qc7 22. Rg1 Kh7 $1 23. h4 Rb8 {[%mdl 1024] Black has compensation.} 24. Ra1 c5 25. Kd2 Rd8 (25... Bg8 $15 {keeps the upper hand.}) 26. Rgd1 ({Only move:} 26. Rxg6 $1 $16 Kxg6 27. Nxf4+ $1 {[%mdl 512]} Kf7 28. Rg1) 26... Bh3 (26... Raa8 $15) 27. Qb5 (27. Rdb1 $11) 27... Rda8 $1 $15 28. Rg1 Qd6 29. Qb2 {Hoping for Nxf4!} R8a7 30. Rab1 ({White should try} 30. Ke1 $15) 30... Qf6 31. a5 Bd7 {And now ...b5 would win.} 32. axb6 Rb7 33. h5 g5 34. Ra1 Raxb6 35. Qa3 Qd6 36. Nc1 Be6 37. Rh1 {[#]} (37. Rd1 $17) 37... Bf7 $1 $19 38. Ke2 {[#]} Qd7 (38... Qc6 $1 $19 39. Qa4 Rb5) 39. Qa4 $2 (39. Nb3 $1 $15 Qc8 40. Nd2 (40. Nxc5 Bf8 $17)) 39... Rc6 {[%cal Bb6c6,Bc6c5,Bc5c8][%mdl 32]} 40. Qa5 $2 (40. Rd1) 40... c4 41. Ra3 Rbc7 42. Kd2 Rc5 43. Qa8 Rc8 44. Ra7 $2 (44. Qa4 Qxa4 45. Rxa4) 44... Qb5 45. Qxc8 $2 (45. Qb7 Qxb7 46. Rxb7 cxd3 {[%mdl 64] Discovered Attack} 47. Bb4 Rxc2+ 48. Kxd3) 45... Rxc8 {Black is clearly winning.} 46. Rxf7 Kg8 47. Rxg7+ Kxg7 48. d4 exd4 49. Bxd4+ Kf7 50. Rd1 {[#]} c3+ $1 51. Ke1 (51. Bxc3 Qc5) 51... Qb2 {Accuracy: White = 40%, Black = 55%.} 0-1